| 000 | 01403nam a2200361 i 4500 | ||
|---|---|---|---|
| 001 | 13604 | ||
| 003 | KOSZ 005 | ||
| 005 | 20200207120746.0 | ||
| 008 | 071021s1968 pl a f f 000 0 pol | ||
| 015 | _aPB 1968/5951 | ||
| 040 |
_aWA N _cWA N _dKOSZ 005/RW |
||
| 041 | 1 |
_apol _hrus |
|
| 080 | _a517 | ||
| 080 | _a65.01 | ||
| 100 | 1 |
_aGel'fand, Mihail Borisovič. _eAutor |
|
| 245 | 1 | 0 |
_aPotęga i funkcja potęgowa z wykładnikiem całkowitym opracowane metodą programowania liniowego / _cM. B. Gelfand ; [z rosyjskiego tłumaczyli Marian Okulewicz i Włodzimierz Okulewicz]. |
| 246 | 1 |
_iTytuł oryginału: _aStepen' s celym pokazatelem. |
|
| 260 |
_aWarszawa : _bPaństwowe Zakłady Wydawnictw Szkolnych, _c1968. |
||
| 300 |
_a111, [1] stron : _bilustracje ; _c23 cm. |
||
| 336 |
_aTekst _btxt _2rdacontent |
||
| 337 |
_aBez urządzenia pośredniczącego _bn _2rdamedia |
||
| 338 |
_aWolumin _bnc _2rdacarrier |
||
| 380 | _aKsiążki. | ||
| 658 | _aMatematyka | ||
| 650 | 4 | _aFunkcje | |
| 655 | 4 | _aPodręcznik | |
| 650 | 4 | _aProgramowanie liniowe | |
| 700 | 1 |
_aOkulewicz, Marian. _eTłumaczenie |
|
| 700 | 1 |
_aOkulewicz, Kazimierz. _eTłumaczenie |
|
| 710 | 2 |
_aPaństwowe Zakłady Wydawnictw Szkolnych _4pbl. |
|
| 856 |
_uhttp://koha.tu.koszalin.pl/cgi-bin/koha/opac-detail.pl?biblionumber=13604 _yKatalog online BPK |
||
| 942 |
_2UKD _cKS |
||
| 999 |
_c13604 _d13604 |
||